[Event "DVM U10 2023"]
[Site "Magdeburg GER"]
[Date "2023.12.28"]
[Round "3"]
[White "Lola, Georgia-Maria"]
[Black "Kukhtichev, Maksim"]
[Result "1-0"]
[Termination "normal"]
[Board "4.1"]
[WhiteElo "1243"]
[BlackElo "1399"]
[WhiteClock "00:22:25"]
[BlackClock "00:38:05"]
[WhiteTeam "MSA Zugzwang 82"]
[BlackTeam "SK Bad Homburg 1927"]
[PlyCount "61"]
[WhiteFideId "34629335"]
[BlackFideId "34638881"]
[EventCountry "GER"]
[EventRounds "7"]
[EventType "team-swiss"]
[EventDate "2023.12.27"]

1. e4 {[%clk 00:55:07]} {[%emt 00:00:02]} e5 {[%clk 00:55:05]} {[%emt
00:00:05]} 2. Nf3 {[%clk 00:55:05]} {[%emt 00:00:08]} Nf6 {[%clk 00:55:04]}
{[%emt 00:00:06]} 3. Nc3 {[%clk 00:55:04]} {[%emt 00:00:06]} Nc6 {[%clk
00:55:04]} {[%emt 00:00:05]} 4. d4 {[%clk 00:55:03]} {[%emt 00:00:07]} exd4
{[%clk 00:54:36]} {[%emt 00:00:33]} 5. Nxd4 {[%clk 00:55:00]} {[%emt 00:00:07]}
Bc5 {[%clk 00:54:32]} {[%emt 00:00:08]} 6. Be3 {[%clk 00:53:22]} {[%emt
00:01:44]} Bb6 {[%clk 00:54:29]} {[%emt 00:00:08]} 7. Nxc6 {[%clk 00:50:40]}
{[%emt 00:02:47]} bxc6 {[%clk 00:54:25]} {[%emt 00:00:08]} 8. Bxb6 {[%clk
00:49:12]} {[%emt 00:01:34]} axb6 {[%clk 00:54:19]} {[%emt 00:00:13]} 9. Bd3
{[%clk 00:47:37]} {[%emt 00:01:39]} O-O {[%clk 00:53:05]} {[%emt 00:01:17]} 10.
O-O {[%clk 00:46:35]} {[%emt 00:01:08]} Re8 {[%clk 00:52:17]} {[%emt 00:00:53]}
11. Re1 {[%clk 00:44:57]} {[%emt 00:01:42]} d5 {[%clk 00:50:03]} {[%emt
00:02:20]} 12. exd5 {[%clk 00:44:42]} {[%emt 00:00:20]} cxd5 {[%clk 00:50:01]}
{[%emt 00:00:07]} 13. Rxe8+ {[%clk 00:44:36]} {[%emt 00:00:12]} Qxe8 {[%clk
00:49:47]} {[%emt 00:00:18]} 14. Qd2 {[%clk 00:42:37]} {[%emt 00:02:04]} Qc6
{[%clk 00:49:20]} {[%emt 00:00:32]} 15. Re1 {[%clk 00:39:53]} {[%emt 00:02:43]}
Bb7 {[%clk 00:49:18]} {[%emt 00:00:13]} 16. f3 {[%clk 00:33:20]} {[%emt
00:06:37]} d4 {[%clk 00:48:35]} {[%emt 00:00:49]} 17. Ne4 {[%clk 00:32:05]}
{[%emt 00:01:20]} h6 {[%clk 00:45:42]} {[%emt 00:02:59]} 18. Nxf6+ {[%clk
00:32:00]} {[%emt 00:00:09]} Qxf6 {[%clk 00:45:32]} {[%emt 00:00:15]} 19. Qe2
{[%clk 00:30:25]} {[%emt 00:01:39]} g6 {[%clk 00:44:39]} {[%emt 00:00:59]} 20.
Qd2 {[%clk 00:29:10]} {[%emt 00:01:15]} Qg5 {[%clk 00:41:21]} {[%emt 00:03:28]}
21. Qxg5 {[%clk 00:28:42]} {[%emt 00:00:33]} hxg5 {[%clk 00:40:41]} {[%emt
00:00:46]} 22. Re7 {[%clk 00:27:34]} {[%emt 00:01:11]} Rxa2 {[%clk 00:39:42]}
{[%emt 00:01:05]} 23. Rxc7 {[%clk 00:26:09]} {[%emt 00:01:30]} Ba6 {[%clk
00:39:21]} {[%emt 00:00:25]} 24. Ra7 {[%clk 00:25:00]} {[%emt 00:01:09]} Bc4
{[%clk 00:38:59]} {[%emt 00:00:32]} 25. Rxa2 {[%clk 00:24:39]} {[%emt
00:00:28]} Bxa2 {[%clk 00:38:54]} {[%emt 00:00:10]} 26. b3 {[%clk 00:24:40]}
{[%emt 00:00:04]} Kf8 {[%clk 00:38:49]} {[%emt 00:00:09]} 27. Kf1 {[%clk
00:24:34]} {[%emt 00:00:11]} Ke7 {[%clk 00:38:50]} {[%emt 00:00:05]} 28. Ke1
{[%clk 00:24:34]} {[%emt 00:00:04]} Kd6 {[%clk 00:38:46]} {[%emt 00:00:10]} 29.
Kd1 {[%clk 00:24:35]} {[%emt 00:00:03]} Bxb3 {[%clk 00:38:05]} {[%emt
00:00:46]} 30. cxb3 {[%clk 00:24:33]} {[%emt 00:00:08]} Kc5 {[%clk 00:38:05]}
{[%emt 00:00:05]} 31. Bc4 {[%clk 00:22:25]} {[%emt 00:02:12]} 1-0

[Event "DVM U10 2023"]
[Site "Magdeburg GER"]
[Date "2023.12.28"]
[Round "3"]
[White "Pflugbeil, Julian"]
[Black "Wittenberger, Henri"]
[Result "1-0"]
[Termination "normal"]
[Board "4.2"]
[WhiteElo "1284"]
[BlackElo "1066"]
[WhiteClock "00:49:19"]
[BlackClock "00:20:47"]
[WhiteTeam "SK Bad Homburg 1927"]
[BlackTeam "MSA Zugzwang 82"]
[PlyCount "53"]
[WhiteFideId "34608850"]
[BlackFideId "34691510"]
[EventCountry "GER"]
[EventRounds "7"]
[EventType "team-swiss"]
[EventDate "2023.12.27"]

1. e4 {[%clk 00:55:09]} e5 {[%clk 00:55:09]} {[%emt 00:00:02]} 2. f4 {[%clk
00:55:10]} {[%emt 00:00:04]} exf4 {[%clk 00:55:04]} {[%emt 00:00:09]} 3. Nf3
{[%clk 00:55:11]} {[%emt 00:00:05]} Nc6 {[%clk 00:54:54]} {[%emt 00:00:15]} 4.
d4 {[%clk 00:55:13]} {[%emt 00:00:03]} g6 {[%clk 00:51:46]} {[%emt 00:03:13]}
5. Bxf4 {[%clk 00:55:10]} {[%emt 00:00:07]} Bg7 {[%clk 00:51:37]} {[%emt
00:00:14]} 6. Nc3 {[%clk 00:55:03]} {[%emt 00:00:13]} Nge7 {[%clk 00:50:56]}
{[%emt 00:00:46]} 7. Qd2 {[%clk 00:53:51]} {[%emt 00:01:17]} O-O {[%clk
00:49:11]} {[%emt 00:01:50]} 8. h4 {[%clk 00:53:23]} {[%emt 00:00:34]} d5
{[%clk 00:46:23]} {[%emt 00:02:52]} 9. e5 {[%clk 00:53:18]} {[%emt 00:00:11]}
Nf5 {[%clk 00:46:15]} {[%emt 00:00:13]} 10. g4 {[%clk 00:53:12]} {[%emt
00:00:10]} Nfe7 {[%clk 00:43:31]} {[%emt 00:02:48]} 11. Bh3 {[%clk 00:53:06]}
{[%emt 00:00:12]} Be6 {[%clk 00:40:43]} {[%emt 00:02:53]} 12. Bh6 {[%clk
00:52:44]} {[%emt 00:00:27]} Qd7 {[%clk 00:37:22]} {[%emt 00:03:24]} 13. Bxg7
{[%clk 00:52:03]} {[%emt 00:00:49]} Kxg7 {[%clk 00:37:13]} {[%emt 00:00:12]}
14. Rg1 {[%clk 00:51:53]} {[%emt 00:00:16]} f6 {[%clk 00:31:41]} {[%emt
00:05:38]} 15. Qe3 {[%clk 00:49:54]} {[%emt 00:02:03]} fxe5 {[%clk 00:28:27]}
{[%emt 00:03:19]} 16. Nxe5 {[%clk 00:49:43]} {[%emt 00:00:17]} Nxe5 {[%clk
00:27:49]} {[%emt 00:00:43]} 17. Qxe5+ {[%clk 00:49:43]} {[%emt 00:00:04]} Kg8
{[%clk 00:27:31]} {[%emt 00:00:22]} 18. O-O-O {[%clk 00:49:34]} {[%emt
00:00:15]} Qd6 {[%clk 00:25:06]} {[%emt 00:02:30]} 19. Qxd6 {[%clk 00:49:25]}
{[%emt 00:00:14]} cxd6 {[%clk 00:25:04]} {[%emt 00:00:07]} 20. Rde1 {[%clk
00:49:29]} {[%emt 00:00:01]} Bc8 {[%clk 00:23:34]} {[%emt 00:01:35]} 21. Rxe7
{[%clk 00:49:23]} {[%emt 00:00:11]} Rf3 {[%clk 00:23:12]} {[%emt 00:00:26]} 22.
Bg2 {[%clk 00:49:14]} {[%emt 00:00:15]} Rg3 {[%clk 00:23:02]} {[%emt 00:00:14]}
23. Bxd5+ {[%clk 00:49:15]} {[%emt 00:00:04]} Kf8 {[%clk 00:22:18]} {[%emt
00:00:49]} 24. Rf7+ {[%clk 00:49:17]} {[%emt 00:00:04]} Ke8 {[%clk 00:21:42]}
{[%emt 00:00:41]} 25. Rxg3 {[%clk 00:49:18]} {[%emt 00:00:04]} h5 {[%clk
00:20:47]} {[%emt 00:01:00]} 26. gxh5 {[%clk 00:49:19]} {[%emt 00:00:04]} gxh5
{[%clk 00:20:47]} {[%emt 00:00:05]} 27. Rg8# {[%emt 00:00:03]} 1-0

[Event "DVM U10 2023"]
[Site "Magdeburg GER"]
[Date "2023.12.28"]
[Round "3"]
[White "Nida-Rümelin, Noel"]
[Black "Beier, Martin"]
[Result "1/2-1/2"]
[Termination "normal"]
[Board "4.3"]
[WhiteElo "796"]
[BlackElo "1321"]
[WhiteClock "00:18:18"]
[BlackClock "00:04:46"]
[WhiteTeam "MSA Zugzwang 82"]
[BlackTeam "SK Bad Homburg 1927"]
[PlyCount "104"]
[BlackFideId "34631879"]
[EventCountry "GER"]
[EventRounds "7"]
[EventType "team-swiss"]
[EventDate "2023.12.27"]

1. e4 {[%clk 00:55:09]} e6 {[%clk 00:55:04]} {[%emt 00:00:06]} 2. d4 {[%emt
00:00:09]} d5 {[%clk 00:55:03]} {[%emt 00:00:05]} 3. exd5 {[%clk 00:55:01]}
{[%emt 00:00:11]} exd5 {[%clk 00:55:01]} {[%emt 00:00:07]} 4. Nf3 {[%clk
00:54:48]} {[%emt 00:00:17]} Bd6 {[%clk 00:54:54]} {[%emt 00:00:12]} 5. Bd3
{[%clk 00:54:33]} {[%emt 00:00:21]} Nf6 {[%clk 00:54:45]} {[%emt 00:00:14]} 6.
Qe2+ {[%clk 00:54:31]} {[%emt 00:00:07]} Be7 {[%clk 00:53:26]} {[%emt
00:01:23]} 7. Bg5 {[%clk 00:54:04]} {[%emt 00:00:32]} Nbd7 {[%clk 00:52:51]}
{[%emt 00:00:40]} 8. Ne5 {[%clk 00:53:21]} {[%emt 00:00:48]} Nxe5 {[%clk
00:51:42]} {[%emt 00:01:14]} 9. dxe5 {[%clk 00:53:16]} {[%emt 00:00:10]} Nd7
{[%clk 00:49:41]} {[%emt 00:02:07]} 10. Bxe7 {[%clk 00:51:17]} {[%emt
00:02:03]} Qxe7 {[%clk 00:49:32]} {[%emt 00:00:14]} 11. Nd2 {[%clk 00:50:59]}
{[%emt 00:00:23]} Qxe5 {[%clk 00:48:22]} {[%emt 00:01:14]} 12. O-O {[%clk
00:49:47]} {[%emt 00:01:17]} Qxe2 {[%clk 00:48:05]} {[%emt 00:00:23]} 13. Bxe2
{[%clk 00:49:43]} {[%emt 00:00:09]} O-O {[%clk 00:48:01]} {[%emt 00:00:08]} 14.
Bf3 {[%clk 00:48:50]} {[%emt 00:00:59]} Nf6 {[%clk 00:47:45]} {[%emt 00:00:21]}
15. Nb3 {[%clk 00:48:36]} {[%emt 00:00:19]} Bf5 {[%clk 00:47:20]} {[%emt
00:00:30]} 16. Nd4 {[%clk 00:47:59]} {[%emt 00:00:42]} Bg6 {[%clk 00:46:49]}
{[%emt 00:00:36]} 17. c3 {[%clk 00:47:15]} {[%emt 00:00:49]} c5 {[%clk
00:46:10]} {[%emt 00:00:45]} 18. Ne2 {[%clk 00:47:07]} {[%emt 00:00:12]} Rfe8
{[%clk 00:45:29]} {[%emt 00:00:45]} 19. Rad1 {[%clk 00:45:47]} {[%emt
00:01:26]} Rad8 {[%clk 00:44:59]} {[%emt 00:00:35]} 20. Nf4 {[%clk 00:44:51]}
{[%emt 00:01:01]} Re5 {[%clk 00:42:12]} {[%emt 00:02:51]} 21. Nd3 {[%clk
00:43:44]} {[%emt 00:01:12]} Re7 {[%clk 00:41:28]} {[%emt 00:00:50]} 22. Nxc5
{[%clk 00:43:23]} {[%emt 00:00:26]} b6 {[%clk 00:38:20]} {[%emt 00:03:13]} 23.
Nb3 {[%clk 00:42:48]} {[%emt 00:00:40]} Ne4 {[%clk 00:37:55]} {[%emt 00:00:31]}
24. Nd4 {[%clk 00:42:02]} {[%emt 00:00:51]} Rc7 {[%clk 00:35:40]} {[%emt
00:02:20]} 25. Nb5 {[%clk 00:39:26]} {[%emt 00:02:41]} Rc5 {[%clk 00:32:50]}
{[%emt 00:02:54]} 26. Bxe4 {[%clk 00:36:51]} {[%emt 00:02:40]} Bxe4 {[%clk
00:30:42]} {[%emt 00:02:13]} 27. f3 {[%clk 00:36:14]} {[%emt 00:00:42]} Bg6
{[%clk 00:28:59]} {[%emt 00:01:47]} 28. Nd4 {[%clk 00:35:18]} {[%emt 00:01:02]}
Re8 {[%clk 00:27:15]} {[%emt 00:01:47]} 29. h4 {[%clk 00:31:44]} {[%emt
00:03:41]} Re3 {[%clk 00:24:12]} {[%emt 00:03:08]} 30. Rfe1 {[%clk 00:30:34]}
{[%emt 00:01:16]} Rxe1+ {[%clk 00:23:14]} {[%emt 00:01:03]} 31. Rxe1 {[%clk
00:30:28]} {[%emt 00:00:10]} Kf8 {[%clk 00:23:14]} {[%emt 00:00:06]} 32. g4
{[%clk 00:30:03]} {[%emt 00:00:29]} h6 {[%clk 00:22:13]} {[%emt 00:01:07]} 33.
Nb3 {[%clk 00:29:13]} {[%emt 00:00:55]} Rb5 {[%clk 00:21:45]} {[%emt 00:00:33]}
34. Re2 {[%clk 00:29:09]} {[%emt 00:00:09]} Bd3 {[%clk 00:19:48]} {[%emt
00:02:01]} 35. Rh2 {[%clk 00:27:36]} {[%emt 00:01:38]} Bc4 {[%clk 00:17:27]}
{[%emt 00:02:27]} 36. Nd4 {[%clk 00:27:31]} {[%emt 00:00:09]} Rc5 {[%clk
00:17:25]} {[%emt 00:00:07]} 37. f4 {[%clk 00:26:15]} {[%emt 00:01:21]} Rc8
{[%clk 00:15:17]} {[%emt 00:02:10]} 38. a4 {[%clk 00:25:05]} {[%emt 00:01:18]}
Re8 {[%clk 00:13:01]} {[%emt 00:02:19]} 39. Rf2 {[%clk 00:24:16]} {[%emt
00:00:55]} Re4 {[%clk 00:12:01]} {[%emt 00:01:06]} 40. Nc6 {[%clk 00:23:11]}
{[%emt 00:01:10]} Bb3 {[%clk 00:10:13]} {[%emt 00:01:51]} 41. a5 {[%clk
00:22:27]} {[%emt 00:00:51]} bxa5 {[%clk 00:09:40]} {[%emt 00:01:21]} 42. Nxa5
{[%clk 00:21:35]} {[%emt 00:00:56]} Ba4 {[%clk 00:09:25]} {[%emt 00:00:20]} 43.
Nb7 {[%clk 00:21:12]} {[%emt 00:00:27]} Bc6 {[%clk 00:08:43]} {[%emt 00:00:47]}
44. Nc5 {[%clk 00:20:24]} {[%emt 00:00:53]} Rc4 {[%clk 00:08:37]} {[%emt
00:00:10]} 45. Nd3 {[%clk 00:20:15]} {[%emt 00:00:16]} g5 {[%clk 00:08:19]}
{[%emt 00:00:23]} 46. Ne5 {[%clk 00:20:04]} {[%emt 00:00:16]} Rc5 {[%clk
00:07:46]} {[%emt 00:00:38]} 47. fxg5 {[%clk 00:19:48]} {[%emt 00:00:21]} hxg5
{[%clk 00:06:39]} {[%emt 00:01:12]} 48. hxg5 {[%clk 00:19:11]} {[%emt
00:00:41]} Be8 {[%clk 00:05:03]} {[%emt 00:01:42]} 49. g6 {[%clk 00:18:50]}
{[%emt 00:00:26]} Rc7 {[%clk 00:04:34]} {[%emt 00:00:34]} 50. gxf7 {[%clk
00:18:34]} {[%emt 00:00:21]} Bxf7 {[%clk 00:04:38]} {[%emt 00:00:01]} 51. Nxf7
{[%clk 00:18:23]} {[%emt 00:00:16]} Rxf7 {[%clk 00:04:42]} {[%emt 00:00:01]}
52. Rxf7+ {[%clk 00:18:18]} {[%emt 00:00:10]} Kxf7 {[%clk 00:04:46]} {[%emt
00:00:01]} 1/2-1/2

[Event "DVM U10 2023"]
[Site "Magdeburg GER"]
[Date "2023.12.28"]
[Round "3"]
[White "Riazi, Dominik"]
[Black "Chen, Kevin"]
[Result "0-1"]
[Termination "normal"]
[Board "4.4"]
[WhiteElo "1162"]
[BlackElo "942"]
[WhiteClock "00:15:55"]
[BlackClock "00:18:56"]
[WhiteTeam "SK Bad Homburg 1927"]
[BlackTeam "MSA Zugzwang 82"]
[PlyCount "92"]
[BlackFideId "34688455"]
[EventCountry "GER"]
[EventRounds "7"]
[EventType "team-swiss"]
[EventDate "2023.12.27"]

1. e4 {[%clk 00:55:07]} {[%emt 00:00:03]} e5 {[%clk 00:55:06]} {[%emt
00:00:05]} 2. Nf3 {[%clk 00:55:09]} {[%emt 00:00:03]} Nc6 {[%clk 00:55:06]}
{[%emt 00:00:05]} 3. d4 {[%clk 00:54:59]} {[%emt 00:00:16]} exd4 {[%clk
00:54:59]} {[%emt 00:00:11]} 4. Bc4 {[%clk 00:54:59]} {[%emt 00:00:05]} Nf6
{[%clk 00:54:56]} {[%emt 00:00:08]} 5. e5 {[%clk 00:54:49]} {[%emt 00:00:15]}
d5 {[%clk 00:54:45]} {[%emt 00:00:16]} 6. Bb5 {[%clk 00:54:49]} {[%emt
00:00:05]} Qe7 {[%clk 00:53:18]} {[%emt 00:01:32]} 7. O-O {[%clk 00:53:56]}
{[%emt 00:00:57]} Nd7 {[%clk 00:52:11]} {[%emt 00:01:13]} 8. Bxc6 {[%clk
00:52:21]} {[%emt 00:01:40]} bxc6 {[%clk 00:52:02]} {[%emt 00:00:14]} 9. Nxd4
{[%clk 00:52:10]} {[%emt 00:00:17]} Nxe5 {[%clk 00:49:29]} {[%emt 00:02:37]}
10. Re1 {[%clk 00:52:03]} {[%emt 00:00:12]} Qd6 {[%clk 00:46:32]} {[%emt
00:03:03]} 11. f4 {[%clk 00:51:38]} {[%emt 00:00:29]} f6 {[%clk 00:44:13]}
{[%emt 00:02:24]} 12. fxe5 {[%clk 00:51:14]} {[%emt 00:00:28]} fxe5 {[%clk
00:43:43]} {[%emt 00:00:35]} 13. Bf4 {[%clk 00:50:10]} {[%emt 00:01:09]} Qg6
{[%clk 00:40:07]} {[%emt 00:03:41]} 14. Bxe5 {[%clk 00:49:48]} {[%emt
00:00:28]} Be7 {[%clk 00:38:09]} {[%emt 00:02:03]} 15. Qe2 {[%clk 00:48:01]}
{[%emt 00:01:52]} O-O {[%clk 00:37:23]} {[%emt 00:00:51]} 16. Bxc7 {[%clk
00:46:28]} {[%emt 00:01:38]} Bc5 {[%clk 00:36:02]} {[%emt 00:01:26]} 17. c3
{[%clk 00:45:59]} {[%emt 00:00:34]} Bh3 {[%clk 00:34:25]} {[%emt 00:01:42]} 18.
Kh1 {[%clk 00:44:45]} {[%emt 00:01:19]} Rae8 {[%clk 00:32:22]} {[%emt
00:02:07]} 19. gxh3 {[%clk 00:41:04]} {[%emt 00:03:47]} Rxe2 {[%clk 00:32:02]}
{[%emt 00:00:25]} 20. Nxe2 {[%clk 00:40:59]} {[%emt 00:00:09]} Rf2 {[%clk
00:30:36]} {[%emt 00:01:32]} 21. Ng3 {[%clk 00:36:31]} {[%emt 00:04:33]} Bd6
{[%clk 00:27:51]} {[%emt 00:02:49]} 22. Bxd6 {[%clk 00:35:56]} {[%emt
00:00:41]} Qxd6 {[%clk 00:27:50]} {[%emt 00:00:07]} 23. b4 {[%clk 00:35:14]}
{[%emt 00:00:47]} h5 {[%clk 00:27:22]} {[%emt 00:00:32]} 24. Kg1 {[%clk
00:33:29]} {[%emt 00:01:50]} Qf4 {[%clk 00:26:27]} {[%emt 00:01:00]} 25. Rf1
{[%clk 00:32:37]} {[%emt 00:00:57]} Rf3 {[%clk 00:25:15]} {[%emt 00:01:17]} 26.
Rxf3 {[%clk 00:31:21]} {[%emt 00:01:21]} Qxf3 {[%clk 00:25:07]} {[%emt
00:00:13]} 27. Nxh5 {[%clk 00:26:46]} {[%emt 00:04:40]} Qxh5 {[%clk 00:24:04]}
{[%emt 00:01:07]} 28. Na3 {[%clk 00:25:50]} {[%emt 00:01:02]} Qg5+ {[%clk
00:23:46]} {[%emt 00:00:24]} 29. Kh1 {[%clk 00:25:32]} {[%emt 00:00:22]} Qd2
{[%clk 00:22:47]} {[%emt 00:01:03]} 30. Rb1 {[%clk 00:24:33]} {[%emt 00:01:04]}
Qxa2 {[%clk 00:22:00]} {[%emt 00:00:52]} 31. Rg1 {[%clk 00:23:59]} {[%emt
00:00:39]} Qxa3 {[%clk 00:21:24]} {[%emt 00:00:42]} 32. h4 {[%clk 00:23:22]}
{[%emt 00:00:41]} Qxc3 {[%clk 00:20:54]} {[%emt 00:00:35]} 33. h5 {[%clk
00:23:05]} {[%emt 00:00:22]} Qf3+ {[%clk 00:20:53]} {[%emt 00:00:07]} 34. Rg2
{[%clk 00:22:59]} {[%emt 00:00:10]} Qxh5 {[%clk 00:20:42]} {[%emt 00:00:17]}
35. Rg1 {[%clk 00:22:42]} {[%emt 00:00:22]} Qf5 {[%clk 00:20:27]} {[%emt
00:00:20]} 36. b5 {[%clk 00:22:30]} {[%emt 00:00:17]} cxb5 {[%clk 00:20:22]}
{[%emt 00:00:10]} 37. Rxg7+ {[%clk 00:20:54]} {[%emt 00:01:41]} Kxg7 {[%clk
00:20:16]} {[%emt 00:00:10]} 38. h4 {[%clk 00:20:38]} {[%emt 00:00:22]} d4
{[%clk 00:20:08]} {[%emt 00:00:13]} 39. h5 {[%clk 00:20:36]} {[%emt 00:00:06]}
Qf1+ {[%clk 00:19:44]} {[%emt 00:00:29]} 40. Kh2 {[%clk 00:20:34]} {[%emt
00:00:07]} d3 {[%clk 00:19:37]} {[%emt 00:00:13]} 41. h6+ {[%clk 00:20:34]}
{[%emt 00:00:05]} Kh7 {[%clk 00:19:36]} {[%emt 00:00:05]} 42. Kg3 {[%clk
00:20:02]} {[%emt 00:00:37]} d2 {[%clk 00:19:31]} {[%emt 00:00:11]} 43. Kh4
{[%clk 00:18:38]} {[%emt 00:01:29]} d1=Q {[%clk 00:19:20]} {[%emt 00:00:16]}
44. Kg5 {[%clk 00:18:17]} {[%emt 00:00:25]} Qd8+ {[%clk 00:19:07]} {[%emt
00:00:19]} 45. Kh5 {[%clk 00:16:09]} {[%emt 00:02:13]} Qg8 {[%clk 00:18:57]}
{[%emt 00:00:15]} 46. Kh4 {[%clk 00:15:55]} {[%emt 00:00:19]} Qh1# {[%clk
00:18:56]} {[%emt 00:00:05]} 0-1

[Event "DVM U10 2023"]
[Site "Magdeburg GER"]
[Date "2023.12.28"]
[Round "3"]
[White "Fadeev, Justin Michael"]
[Black "Fabritius, Wolf"]
[Result "1-0"]
[Termination "normal"]
[Board "5.1"]
[WhiteElo "1484"]
[BlackElo "1043"]
[WhiteClock "00:44:36"]
[BlackClock "00:40:55"]
[WhiteTeam "Barnimer SF im SV Stahl Finow"]
[BlackTeam "SF Heidelberg"]
[PlyCount "37"]
[WhiteFideId "34602968"]
[BlackFideId "34632603"]
[EventCountry "GER"]
[EventRounds "7"]
[EventType "team-swiss"]
[EventDate "2023.12.27"]

1. e4 {[%clk 00:55:10]} {[%emt 00:00:07]} e6 {[%clk 00:55:03]} {[%emt
00:00:07]} 2. d4 {[%clk 00:55:11]} {[%emt 00:00:03]} d5 {[%clk 00:54:56]}
{[%emt 00:00:12]} 3. Nd2 {[%clk 00:55:08]} {[%emt 00:00:09]} dxe4 {[%clk
00:54:45]} {[%emt 00:00:16]} 4. Nxe4 {[%clk 00:55:09]} {[%emt 00:00:03]} Bd7
{[%clk 00:54:33]} {[%emt 00:00:18]} 5. Nf3 {[%clk 00:53:44]} {[%emt 00:01:30]}
Bc6 {[%clk 00:54:27]} {[%emt 00:00:10]} 6. Bd3 {[%clk 00:53:40]} {[%emt
00:00:09]} Nf6 {[%clk 00:53:31]} {[%emt 00:01:01]} 7. Nxf6+ {[%clk 00:53:15]}
{[%emt 00:00:31]} Qxf6 {[%clk 00:53:12]} {[%emt 00:00:23]} 8. Bg5 {[%clk
00:52:34]} {[%emt 00:00:47]} Bxf3 {[%clk 00:52:25]} {[%emt 00:00:52]} 9. Qd2
{[%clk 00:52:36]} {[%emt 00:00:03]} Bxg2 {[%clk 00:50:13]} {[%emt 00:02:17]}
10. Bxf6 {[%clk 00:52:11]} {[%emt 00:00:30]} Bxh1 {[%clk 00:49:43]} {[%emt
00:00:34]} 11. Be5 {[%clk 00:50:30]} {[%emt 00:02:34]} c6 {[%clk 00:48:37]}
{[%emt 00:01:11]} 12. f3 {[%clk 00:49:04]} {[%emt 00:01:31]} Bxf3 {[%clk
00:47:38]} {[%emt 00:01:04]} 13. Qf4 {[%clk 00:47:04]} {[%emt 00:02:05]} Nd7
14. Qxf3 Nxe5 {[%clk 00:45:28]} {[%emt 00:00:23]} 15. dxe5 {[%clk 00:47:02]}
{[%emt 00:00:05]} Be7 {[%clk 00:45:08]} {[%emt 00:00:24]} 16. O-O-O {[%clk
00:46:23]} {[%emt 00:00:45]} O-O {[%clk 00:44:24]} {[%emt 00:00:48]} 17. Kb1
{[%clk 00:45:40]} {[%emt 00:00:48]} Rad8 {[%clk 00:42:36]} {[%emt 00:01:53]}
18. h4 {[%clk 00:44:49]} {[%emt 00:00:56]} Rd4 {[%clk 00:40:55]} {[%emt
00:01:45]} 19. Bxh7+ {[%clk 00:44:36]} {[%emt 00:00:19]} 1-0

[Event "DVM U10 2023"]
[Site "Magdeburg GER"]
[Date "2023.12.28"]
[Round "3"]
[White "Graf, Tom"]
[Black "Rauhut, Max"]
[Result "1-0"]
[Termination "normal"]
[Board "5.2"]
[WhiteElo "1095"]
[BlackElo "1173"]
[WhiteClock "00:37:22"]
[BlackClock "00:06:08"]
[WhiteTeam "SF Heidelberg"]
[BlackTeam "Barnimer SF im SV Stahl Finow"]
[PlyCount "45"]
[WhiteFideId "34622420"]
[BlackFideId "16292545"]
[EventCountry "GER"]
[EventRounds "7"]
[EventType "team-swiss"]
[EventDate "2023.12.27"]

1. e4 {[%clk 00:55:09]} c5 {[%clk 00:55:04]} {[%emt 00:00:07]} 2. Nf3 {[%clk
00:55:02]} {[%emt 00:00:12]} g6 {[%clk 00:54:58]} {[%emt 00:00:11]} 3. c3
{[%clk 00:54:39]} {[%emt 00:00:28]} Bg7 {[%clk 00:54:47]} {[%emt 00:00:15]} 4.
d4 {[%clk 00:54:24]} {[%emt 00:00:21]} cxd4 {[%clk 00:54:18]} {[%emt 00:00:34]}
5. cxd4 {[%clk 00:54:19]} {[%emt 00:00:09]} Nc6 {[%clk 00:53:13]} {[%emt
00:01:11]} 6. Nc3 {[%clk 00:53:51]} {[%emt 00:00:32]} e6 {[%clk 00:52:59]}
{[%emt 00:00:18]} 7. Bc4 {[%clk 00:52:59]} {[%emt 00:00:58]} Qb6 {[%clk
00:51:22]} {[%emt 00:01:43]} 8. d5 {[%clk 00:52:36]} {[%emt 00:00:27]} exd5
{[%clk 00:43:27]} {[%emt 00:08:00]} 9. exd5 {[%clk 00:52:16]} {[%emt 00:00:25]}
Nce7 {[%clk 00:42:08]} {[%emt 00:01:24]} 10. d6 {[%clk 00:51:29]} {[%emt
00:00:52]} Qb4 {[%clk 00:39:52]} {[%emt 00:02:21]} 11. Qd3 {[%clk 00:50:03]}
{[%emt 00:01:33]} Nc6 {[%clk 00:30:32]} {[%emt 00:09:25]} 12. Ng5 {[%clk
00:48:57]} {[%emt 00:01:11]} Ne5 {[%clk 00:25:29]} {[%emt 00:05:07]} 13. Bxf7+
{[%clk 00:44:37]} {[%emt 00:04:25]} Kf8 {[%clk 00:21:32]} {[%emt 00:04:02]} 14.
Qd5 {[%clk 00:43:45]} {[%emt 00:00:58]} Ng4 {[%clk 00:15:52]} {[%emt 00:05:44]}
15. Qc4 {[%clk 00:40:50]} {[%emt 00:03:00]} Qxc4 {[%clk 00:13:25]} {[%emt
00:02:33]} 16. Bxc4 {[%clk 00:40:43]} {[%emt 00:00:12]} Bxc3+ {[%clk 00:12:49]}
{[%emt 00:00:41]} 17. bxc3 {[%clk 00:40:35]} {[%emt 00:00:12]} h6 {[%clk
00:11:49]} {[%emt 00:01:05]} 18. Nf3 {[%clk 00:39:03]} {[%emt 00:01:38]} N8f6
{[%clk 00:10:43]} {[%emt 00:01:10]} 19. O-O {[%emt 00:01:03]} b6 {[%clk
00:07:48]} {[%emt 00:02:35]} 20. Re1 {[%clk 00:38:13]} {[%emt 00:00:23]} Bb7
{[%clk 00:06:49]} {[%emt 00:01:05]} 21. Nh4 {[%clk 00:37:37]} {[%emt 00:00:40]}
Kg7 {[%clk 00:06:25]} {[%emt 00:00:29]} 22. Re7+ {[%clk 00:37:22]} {[%emt
00:00:20]} Kf8 {[%clk 00:06:08]} {[%emt 00:00:22]} 23. Nxg6# {[%emt 00:00:10]}
1-0